Antología señalada

Uloženo v:
Podrobná bibliografie
Hlavní autor: Valjalo, David (Autor)
Médium: Kniha
Jazyk:španělština
Vydáno: Santiago La Frontera 2004
Témata:
Tagy: Přidat tag
Žádné tagy, Buďte první, kdo vytvoří štítek k tomuto záznamu!

MARC

LEADER 00000nam a2200000 a 4500
001 UCK3492
003 CL-VaPUC
008 050429e20040000CL |||||||||||||||||spa|d
020 |a 956299242X 
082 0 4 |a Ch861  |b VAL  |2 21 
100 0 |a Valjalo, David  |e author  |9 491534 
245 1 0 |a Antología señalada 
300 |a 72 p 
942 |c BK 
945 |d 20050429 00:00:00  |a cmena 
260 |a Santiago  |b La Frontera  |c 2004 
650 0 |a Poesías chilenas   |9 265280 
650 0 |a Literatura chilena   |9 308278 
583 |a last modification  |c 20050429 00:00:00  |k Rodrigo Vera 
999 |c 312632  |d 312630 
952 |0 0  |1 0  |4 0  |6 CH_861_000000000000000_VAL_2004  |7 0  |8 A  |9 383235  |a BIBEDU  |b BIBEDU  |c ES_NOD  |d 2019-11-21  |i 4102517  |o Ch861 VAL 2004  |p 4102517  |r 2023-08-09  |w 2019-11-21  |y BK  |k LIT 
952 |0 0  |1 0  |4 0  |6 CH_861_000000000000000_VAL_2004  |7 0  |8 A  |9 383236  |a BIBEDU  |b BIBEDU  |c ES_NOD  |d 2019-11-21  |i 4136713  |o Ch861 VAL 2004  |p 4136713  |r 2023-08-09  |w 2019-11-21  |y BK  |k LIT